A to Zee Communicative Techniques and Activities (Record no. 351849)

000 -LEADER
fixed length control field 00540nam a22001937a 4500
003 - CONTROL NUMBER IDENTIFIER
control field OSt
005 - DATE AND TIME OF LATEST TRANSACTION
control field 20180116183056.0
008 - FIXED-LENGTH DATA ELEMENTS--GENERAL INFORMATION
fixed length control field 161021b xxu||||| |||| 00| 0 eng d
020 ## - INTERNATIONAL STANDARD BOOK NUMBER
International Standard Book Number 9694170761
040 ## - CATALOGING SOURCE
Transcribing agency 0
082 ## - DEWEY DECIMAL CLASSIFICATION NUMBER
Classification number 415 SHE 2003
100 ## - MAIN ENTRY--PERSONAL NAME
Personal name Shehzad,Wasima.
245 ## - TITLE STATEMENT
Title A to Zee Communicative Techniques and Activities
Statement of responsibility, etc. Wasima Shehzad
260 ## - PUBLICATION, DISTRIBUTION, ETC.
Place of publication, distribution, etc. Islamabad
Name of publisher, distributor, etc. Higher Education Commission
Date of publication, distribution, etc. 2003.
300 ## - PHYSICAL DESCRIPTION
Extent 122p.
Other physical details PB.
440 ## - SERIES STATEMENT/ADDED ENTRY--TITLE
Title A to Zee Communicative Techniques and Activities
500 ## - GENERAL NOTE
General note PB.
942 ## - ADDED ENTRY ELEMENTS (KOHA)
Source of classification or shelving scheme
Koha item type Book
Holdings
Withdrawn status Lost status Source of classification or shelving scheme Damaged status Not for loan Collection code Permanent Location Current Location Shelving location Date acquired Total Checkouts Full call number Barcode Date last seen Date last checked out Price effective from Koha item type
            Central Library (CL) Central Library (CL) General Stacks 10/21/2016 1 415 SHE 2003 NBSD-2896 11/23/2017 08/23/2017 10/21/2016 Book
© 2023 Central Library, National University of Sciences and Technology. All Rights Reserved.